The survival kit for libraries : (Record no. 166335)

MARC details
000 -LEADER
fixed length control field 00636nam a22001937a 4500
005 - DATE AND TIME OF LATEST TRANSACTION
control field 20190722123446.0
010 ## - LCCN (DPL NO)
LC control number ENG-126021
020 ## - INTERNATIONAL STANDARD BOOK NUMBER
International Standard Book Number 9788178443195
Terms of availability 595.00
035 ## - SYSTEM CONTROL NUMBER
System control number EN-109553
037 ## - SOURCE OF ACQUISITION
Source of stock number/acquisition DBAD/PUB
082 ## - DEWEY DECIMAL CLASSIFICATION NUMBER
Classification number 026.000
100 ## - MAIN ENTRY--PERSONAL NAME
Personal name Bhatt, R.K.
245 ## - TITLE STATEMENT
Title The survival kit for libraries :
Remainder of title a marketing approach /
Statement of responsibility, etc by R.K.Bhatt
260 ## - PUBLICATION, DISTRIBUTION, ETC. (IMPRINT)
Place of publication, distribution, etc New Delhi
Name of publisher, distributor, etc R.K. Pulblications
Date of publication, distribution, etc 2018
270 ## - ADDRESS
Address 4806/24, Bharat Ram Road, Darya Ganj
City New Delhi
Postal code 110002
Telephone number 011-23285167, 65185557
Electronic mail address info@kkpublications.com
300 ## - PHYSICAL DESCRIPTION
Extent 175p.
Dimensions 24cm(Hb)
500 ## - GENERAL NOTE
General note Includes index
942 ## - ADDED ENTRY ELEMENTS (KOHA)
Source of classification or shelving scheme Dewey Decimal Classification
Item type English Books
Classification part 026.000
Call number suffix BHA
Holdings
Withdrawn status Lost status Not for loan Collection code Home library Current library Date acquired Source of acquisition Cost, normal purchase price Full call number Barcode Copy number Cost, replacement price Koha item type
      Non-fiction Bawana Bawana 22/07/2019 DBAD/PUB 595.00 026.000 BHA EN-109553 1 595.00 English Books

© Delhi Public Library
Hit Counter
free hit counter